000 00414nam a2200145Ia 4500
008 230917s9999||||xx |||||||||||||| ||und||
040 _e75427
_aMAIN
041 _aEnglish
082 _a658.8 B693M
100 _aBoyd, Harper W
245 0 _aMarketing management: an analytical problem-solving approach to marketing
260 _aNew York
_bHarcourt Bace Jovanvich
_c1972
300 _axii, 618 p.
942 _cBK
999 _c200807
_d200807